Costs management pilot (Record no. 113796)

MARC details
000 -LEADER
fixed length control field 01210cad a22002895a 4500
001 - CONTROL NUMBER
control field L155754
008 - FIXED-LENGTH DATA ELEMENTS--GENERAL INFORMATION
fixed length control field 120413e20120507xxkd f 000 0 eng d
035 ## - SYSTEM CONTROL NUMBER
System control number (Sirsi) u155754
041 0# - LANGUAGE CODE
Language code of text/sound track or separate title eng
100 1# - MAIN ENTRY--PERSONAL NAME
Personal name Gould, Nicholas
110 2# - MAIN ENTRY--CORPORATE NAME
Corporate name or jurisdiction name as entry element Judiciary of England and Wales
245 00 - TITLE STATEMENT
Title Costs management pilot
Remainder of title interim report
-- 3 February 2012
Medium [electronic resource]
260 ## - PUBLICATION, DISTRIBUTION, ETC.
Place of publication, distribution, etc. London
Name of publisher, distributor, etc. King's College London
Date of publication, distribution, etc. 2012
520 ## - SUMMARY, ETC.
Summary, etc. An Interim Report on the Pilot which started in all Technology and Construction Courts in October 2011. The Pilot applies to any case which has its first case management conference on or after 1 October 2011 and is scheduled to run until 30 September 2012.
521 ## - TARGET AUDIENCE NOTE
Target audience note Advanced
590 ## - LOCAL NOTE (RLIN)
Local note KA
651 #4 - SUBJECT ADDED ENTRY--GEOGRAPHIC NAME
Geographic name England and Wales 1543-
690 ## - LOCAL SUBJECT ADDED ENTRY--TOPICAL TERM (OCLC, RLIN)
Topical term or geographic name as entry element Dispute resolution
9 (RLIN) 6236
700 1# - ADDED ENTRY--PERSONAL NAME
Personal name King, Claire
700 1# - ADDED ENTRY--PERSONAL NAME
Personal name Lockwood, Christina
700 1# - ADDED ENTRY--PERSONAL NAME
Personal name Hutchison, Tom
710 1# - ADDED ENTRY--CORPORATE NAME
Corporate name or jurisdiction name as entry element King's College London
710 1# - ADDED ENTRY--CORPORATE NAME
Corporate name or jurisdiction name as entry element Fenwick Elliott
9 (RLIN) 5892
710 1# - ADDED ENTRY--CORPORATE NAME
Corporate name or jurisdiction name as entry element TeCSA
856 40 - ELECTRONIC LOCATION AND ACCESS
Uniform Resource Identifier <a href="https://www.judiciary.gov.uk/Resources/JCO/Documents/Reports/cost-management-pilot-int-report-feb2012.pdf">https://www.judiciary.gov.uk/Resources/JCO/Documents/Reports/cost-management-pilot-int-report-feb2012.pdf</a>
Public note View the interim report (pdf) free of charge at www.judiciary.gov.uk
942 ## - ADDED ENTRY ELEMENTS (KOHA)
Suppress in OPAC 0
Holdings
Withdrawn status Lost status Source of classification or shelving scheme Damaged status Not for loan Home library Current library Shelving location Date acquired Total Checkouts Full call number Barcode Date last seen Copy number Price effective from Koha item type
    Dewey Decimal Classification     Virtual Virtual Online 13/04/2012   ONLINE PUBLICATION 155754-2001 06/08/2019 1 06/08/2019 Book